| 000 | 00406nam a22001577a 4500 | ||
|---|---|---|---|
| 999 |
_c4100 _d4100 |
||
| 003 | GBCCL | ||
| 005 | 20241126110511.0 | ||
| 008 | 180112b xxu||||| |||| 00| 0 eng d | ||
| 040 | _cgbc | ||
| 082 |
_a813.54 _bROB |
||
| 100 |
_aRobertson, Pat _94754 |
||
| 245 |
_aMaximum Security / _cPat Robertson |
||
| 260 |
_aVirginia: _bCBN University Press, _c1978 |
||
| 300 |
_a126 p.; _bill., _c21 cm. |
||
| 942 |
_2ddc _cBK |
||